| 000 | 00474cam a22001451 4500 | ||
|---|---|---|---|
| 082 |
_a621.56 _bSHA _cL-8, P-17 |
||
| 100 | 1 |
_aSharpe, Norman. _941897 |
|
| 245 | 0 | 0 | _aRefrigerating principles and practices. |
| 250 | _a1st ed. | ||
| 260 |
_aNew York, _bMcGraw-Hill Book Co., _c1949. |
||
| 300 |
_axv, 398 p. _bdiagrs. (5 fold. in pocket) _c24 cm. |
||
| 526 |
_a0 _b0 _c0 _d621_560000000000000_SHA |
||
| 650 | 0 |
_aRefrigeration and refrigerating machinery. _919031 |
|
| 942 |
_2ddc _cBK |
||
| 999 |
_c545917 _d545917 |
||